000 01022aam a2200301 a 4500
999 _c8071
_d8071
001 8071
003 BD - JhCC
005 20180716190156.0
008 050928s2006 maua b 001 0 eng
020 _a9781591397618 (pbk.)
020 _a1591397618 (pbk.)
035 _a(BD - JhCC)8071
040 _aStDuBDS
_cStDuBDS
_dUk
_dBD - JhCC
041 _aeng
050 0 0 _aHD30.23
_b.H3687 2006
082 0 4 _a658.403
_222
_bDES 2006
245 0 0 _aDecision making :
_b5 steps to better results /
_cHavard Business Essentials
246 3 _aDecision making : five steps to better results
260 _aBoston, Mass. :
_bHarvard Business School Press,
_cc2006.
300 _axiv, 168 p. :
_bill. ;
_c24 cm.
504 _aIncludes bibliographical references and index.
650 0 _aDecision making.
710 _aHavard Business Essentials
830 0 _aHarvard business essentials series
856 4 1 _3Table of contents
_uhttp://www.loc.gov/catdir/toc/ecip061/2005027760.html
942 _2ddc
_cBK